000 00656nam a2200265Ia 4500
005 20260121172014.0
008 008 260114s9999 xx 000 0 eng d
020 _a9781349601172
037 _aEBOOK
040 _aCRL
040 _beng
040 _cCRL
041 _2eng
041 _aeng
084 _qCRL
100 _aDale Southerton
_91083132
245 0 _aTime, Consumption and the Coordination of Everyday Life
260 _bSpringer
260 _bSpringer
260 _c2020
856 _uhttps://link.springer.com/openurl?genre=book&isbn=978-1-349-60117-2
942 _cEBOOK
999 _c1648866
_d1648866